Statistics for Countries of Asia with an Empty Map - One Minute Sprint

Click here to take the quiz!

General Stats

  • This quiz has been taken 2,549 times
  • The average score is 30 of 48

Answers on the Map

Answers color-coded by a green-red scale on the quiz's map according to % correct below.
 

Answer Stats

Country% Correct
China
95%
India
91%
Iran
84%
Japan
83%
Iraq
82%
Indonesia
78%
Nepal
78%
Pakistan
78%
Thailand
76%
Mongolia
75%
Laos
74%
Vietnam
73%
Bhutan
70%
South Korea
70%
Afghanistan
68%
North Korea
68%
Cambodia
67%
Malaysia
67%
Myanmar
66%
Oman
66%
Saudi Arabia
66%
Yemen
66%
Bangladesh
64%
Kazakhstan
63%
Syria
62%
Turkey
61%
Israel
60%
Taiwan
60%
Jordan
58%
Philippines
58%
Sri Lanka
57%
United Arab Emirates
55%
Qatar
54%
Bahrain
52%
Brunei
52%
Lebanon
52%
Singapore
52%
Uzbekistan
52%
Kuwait
51%
Armenia
49%
Tajikistan
49%
Georgia
47%
Kyrgyzstan
47%
Turkmenistan
47%
Azerbaijan
45%
East Timor
43%
Maldives
39%
Cyprus
38%

Score Distribution

Percentile by Number Answered

Percent of People with Each Score

Your Score History

You have not taken this quiz